000 00626nam a2200241Ia 4500
003 OSt
005 20220918174039.0
006 a|||||r|||| 00| 0
007 ta
008 220917b |||||||| |||| 00| 0 eng d
024 _a10,183
037 _cTextual
040 _aARTS
_cARTS
_beng
041 _2eng
_aeng
082 _aQ7:31, M4
100 _aZia Ullah Mohammad
_948904
245 0 _aIslamic concept of God
260 _aLondon
_bKegan Paul International
_c1984
300 _axi,116p.
_ccm.
650 _aRELIGION
942 _hQ7:31, M4
_cTEXL
_2CC
999 _c151557
_d151557